000 00953pam a2200277 a 4500
001 BD-DhSAU 7336
003 BD-DhSAU
005 20150522093445.0
008 911226s1992 coua 001 0 eng
020 _a0813382777 (alk. paper)
020 _a1852932546
040 _aBD-DhSAU
082 0 0 _a338.1099
_222
_bAGR
245 0 0 _aAgriculture and trade in the Pacific :
_btoward the twenty-first century /
_cedited by William T. Coyle, Dermot Hayes, and Hiroshi Yamauchi.
260 _aBoulder :
_bWestview Press ;
_aLondon :
_bBelhaven Press,
_cc1992.
300 _axi, 344 p. :
_bill. ;
_c24 cm.
504 _aIncludes bibliographical references and index.
590 _aJerin
650 0 _aProduce trade
_zPacific Area.
650 0 _aEconomics
650 0 _aAgriculture
_xEconomic aspects
_zPacific Area.
700 1 _aCoyle, William T.
700 1 _aHayes, Dermot James
700 1 _aYamauchi, Hiroshi,
_d1932-
942 _2ddc
_cBOOK
999 _c7336
_d7336